000 00715nam a22002057a 4500
999 _c1706
_d1706
003 AR-CdUCM
008 190227b ||||| |||| 00| 0 spa d
040 _aMUNICIPALIDAD PROVINCIAL DEL CUSCO
_cBIBLIOTECA MUNICIPAL DEL CUSCO
082 _a375.420 /
_bB 4
245 _aEl Perú en la independencia /
260 _aLima :
_bEds. del Ministerio de Educación Pública,
_c1958.
300 _a104 páginas ;
_c17 cm.
440 _aBiblioteca del estudiante peruano
_n4
_96311
650 _aHipólito Unanue
_96312
650 _aJosé Faustino Sánchez Carrión
_96313
650 _aSímbolos Patrios
_96314
700 _aMinisterio de Educación Pública
_96315
942 _2ddc
_cLIBROS
945 _araen
_d2019-02-27